000 00789nam a22002297a 4500
001 14488
003 BD-JhCC
005 20251211122536.0
008 251211b |||||||| |||| 00| 0 eng d
035 _a(BD-JhCC) 14488
040 _aBD-JhCC
_dBD-JhCC
041 _aবাংলা
082 _223
_a891.443
_bAZA 1999
100 _aআজম, শফিকুল
245 _aরেখে যায় শুরু ও শুদ্ধতা /
_cশফিকুল আজম
260 _aঢাকা:
_bজাগতি প্রকাশনী,
_c১৯৯৯
300 _a৭৯ পৃ.;
_c২২ সেমি.
_eপেপার বাইন্ডিং
650 _aবাংলা সাহিত্য
650 _aছোট গল্প
942 _2ddc
_cBK
999 _c14488
_d14488